00272nam a2200097 a 450000500170000000800410001705000180005810000270007624500340010326000370013720140414131915.0100915s19uu xx 00 eng d aFICbK57 2005 aKimmel, Elizabeth Cody aLily B. on the brink of love. aNew York :bScholastic ,c2005.